000 00661nam a2200241Ia 4500
003 OSt
005 20220918204042.0
006 a|||||r|||| 00| 0
007 ta
008 220917b |||||||| |||| 00| 0 eng d
024 _a110,824
037 _cTextual
040 _aARTS
_cARTS
_beng
041 _2eng
_aeng
082 _aV53.L89-L59, L3
100 _aJarmeet D
_9110556
245 0 _aBegetters of revolution
_b England's involvment with France 1759-1789
260 _aN Jersey
_b Rowman
_c1973
300 _axiv, 320p.
_ccm.
650 _aHISTORY
942 _hV53.L89-L59, L3
_cTEXL
_2CC
999 _c234174
_d234174